000 01349cam a2200385 a 4500
001 60304
003 CO-BoRNBP
005 20260122141659.0
007 ta
008 990503s1998 mx a r 00110 spa d
020 _a9687529482
040 _ala
_cla
041 1 _aspa
_heng
082 0 4 _a519.5
_bD28p
_220 ed.
100 1 _aDevore, Jay L.
_968243
245 1 0 _aProbabilidad y estadística para ingeniería y ciencias /
_cJay L. Devore ; traducción Jorge H. Romo ; revisión técnica César Acosta Mejía.
250 _a4a. ed.
300 _axv, 720 p. ; :
_bil., diagrms. ;
_c24 cm.
336 _2rdacontent
_atexto
_btxt
337 _2rdamedia
_asin mediación
_bn
338 _2rdacarrier
_avolumen
_bnc
500 _aIncluye sección de respuestas.
504 _aIncluye bibliografías e índice.
534 _tProbability and statistics for engineering and the sciences.
650 7 _aEstadísticas para ingenieros.
_2BLAAUTO
_968244
650 7 _aEstadística matemática.
_2BLAAUTO
650 7 _aProbabilidades.
_2BLAAUTO
_99855
650 7 _aVariables aleatorias.
_2BLAAUTO
_968245
650 7 _aMuestreo (Estadística)
_2BLAAUTO
_924214
700 1 _aRomo, Jorge H.,
_etr.
_968246
700 1 _aAcosta Mejia, Cesar,
_erev.
_968247
830 0 _aEmbajada de México-Colección 1.
942 _2ddc
_cBK
949 _an
_bn
999 _c60304
_d60304